Normal view
MARC view
- Farm buildings
Entry Topical Term
001 - CONTROL NUMBER
- control field: 6157
003 - CONTROL NUMBER IDENTIFIER
- control field: OSt
005 - DATE AND TIME OF LATEST TRANSACTION
- control field: 20240321150249.0
008 - FIXED-LENGTH DATA ELEMENTS
- fixed length control field: 240321|| aca||aabn | a|a d
040 ## - CATALOGING SOURCE
- Original cataloging agency: OSt
- Transcribing agency: OSt
150 ## - HEADING--TOPICAL TERM
- Topical term or geographic name as entry element: Farm buildings
670 ## - SOURCE DATA FOUND
- Source citation: Work cat.: (OSt)13766: Southorn, Neil., Farm buildings : planning and construction /, c1996.
